| 000 | 03146cam a2200373 i 4500 | ||
|---|---|---|---|
| 003 | SA-RiAUC | ||
| 005 | 20241125063827.0 | ||
| 008 | 241124s1994 ku ak g f00010 ara c | ||
| 024 | 0 | _a00000000872697 | |
| 024 | 0 | _a00000000873174 | |
| 040 |
_aCSAD _bara _cSA-RiAUC _dAE-DuMBRL _erda |
||
| 043 | _ama----- | ||
| 050 | 4 | _bA45 1994 | |
| 082 | 0 | 4 |
_a303.4 _qSA-RiAUC |
| 090 |
_a303.4 _bع ل ي |
||
| 100 | 1 |
_aعلي، نبيل، _d1938-2016 _eمؤلف. |
|
| 245 | 1 | 2 |
_aالعرب وعصر المعلومات / _cتأليف نبيل علي. |
| 264 | 1 |
_aالكويت : _bالمجلس الوطني للثقافة والفنون والآداب، _c1994. |
|
| 264 | 3 |
_aالكويت : _bمطابع السياسة |
|
| 300 |
_a464 صفحة : _bأشكال، جداول ؛ _c21 × 14 سم. |
||
| 336 |
_aنص _btxt _2rdacontent _3كتاب |
||
| 337 |
_aبدون وسيط _bn _2rdamedia |
||
| 338 |
_aمجلد _bnc _2rdacarrier |
||
| 490 | 1 |
_aعالم المعرفة ؛ _v184 |
|
| 500 | _aالمشرف العام : د. سليمان العسكري ؛ هيئة التحرير : د. فؤاد زكريا، د. خليفة الوقيان، د. سليمان البدر، د. سليمان الشطي، د. سهام الفريح، عبد الرازق البصير، د. فهد الثاقب، د. محمد الرميحي ؛ سكرتيرة التحرير : سحر الهنيدي. | ||
| 504 | _aببليوجرافية : صفحة 439-448. | ||
| 520 | _aيتناول كتاب (العرب وعصر المعلومات) للدكتور (نبيل علي) الحديث عن موقع الأمة العربية إزاء التحديات الجسام التي يطرحها عصر المعلومات، هذه القضية يعتبرها الدكتور نبيل علي سؤالا محوريا وإلى الإجابة عنها. ويجيب المؤلف في هذا الكتاب على سؤال محوري وهو : ما موقف أمتنا العربية إزاء التحديات الجسام التي يطرحها عصر المعلومات ؟ والكتاب ليس بالمرة كتابا في التبسيط العلمي لبعض الجوانب الفنية في مجال الكمبيوتر ونظم المعلومات، لكنه يقدم العديد من المفاهيم المحورية والتوجهات الرئيسية لتكنولوجيا المعلومات بمنأى عن كومفلاج المصطلحات ومتاهات التفاصيل الفنية، ويركز على مغزى هذه التوجهات بالنسبة لنا نحن العرب، وكيفية توطين هذه التكنولوجيا الوافدة في تربتنا العربية. | ||
| 650 | 7 |
_aتقنية المعلومات _xجوانب اجتماعية _zالبلاد العربية _2aucsh |
|
| 650 | 7 |
_aالحاسبات الإلكترونية _zالبلاد العربية _2aucsh |
|
| 650 | 7 |
_aوسائل الإعلام _xجوانب اجتماعية _zالبلاد العربية _2aucsh |
|
| 830 | 0 |
_aعالم المعرفة (المجلس الوطني للثقافة والفنون والآداب) _v184 |
|
| 942 |
_2ddc _cBOOK _n0 |
||
| 949 |
_aSA-JeALM _d241124 _umohamedma123 _n1 |
||
| 999 |
_c2752 _d2752 |
||